| 000 | 00433nam a22001697a 4500 | ||
|---|---|---|---|
| 005 | 20170822174929.0 | ||
| 008 | 130809b xxu||||| |||| 00| 0 eng d | ||
| 020 | _a0867920246 | ||
| 040 |
_cBSU _dBSU |
||
| 082 |
_222 _a616.97 DOU |
||
| 100 |
_aWilson,JDouglas _913749 |
||
| 245 | _aAshma & Allergic Diseases | ||
| 260 |
_aBoston _bADIS Health science press _c1983 |
||
| 300 |
_a2;319p _c25cm |
||
| 658 | _aMedicine | ||
| 942 |
_2ddc _cBK |
||
| 999 |
_c6407 _d6407 |
||